00387nam a22001457a 450000500170000001000150001702000120003203500140004403700130005808200110007110000170008224500910009930000230019071000280021320240202122140.0 aENG-138903 c2000.00 aEN-122435 bDBAD/PUB a138903 aSen, Ronojoy aIndigenous Habitat Vestiges Of Ancestral Life In India's North East /bShyamlal Datta a343 p.c25 cm(hbk) aRoma ChatterjeeeEditor